logo

EGIPTO DE LOS FARAONES EL (BAJA REVISION 2014) (Record no. 73261)

MARC details
000 -CABECERA
campo de control de longitud fija 00513nam a2200181Ia 4500
001 - NÚMERO DE CONTROL
campo de control 26482
005 - FECHA Y HORA DE LA ÚLTIMA TRANSACCIÓN
campo de control 20260414093153.0
008 - CÓDIGOS DE INFORMACIÓN DE LONGITUD FIJA
campo de control de longitud fija 260115s9999 xx 000 0 und d
035 ## - NÚMERO DE CONTROL DEL SISTEMA
Número de control de sistema 16246
090 ## - LOCALMENTE ASIGNADO TIPO-LC NÚMERO DE CLASIFICACIÓN (OCLC); NÚMERO DE CLASIFICACIÓN LOCAL (RLIN)
Número de clasificación (OCLC) (R) ; Numero de clasificación CALL (RLIN) (NR) 932
100 ## - PUNTO DE ACCESO PRINCIPAL - NOMBRE DE PERSONA
Nombre de persona HIDALGO HUERTA MANUEL
245 #0 - MENCIÓN DE TÍTULO
Título EGIPTO DE LOS FARAONES EL (BAJA REVISION 2014)
260 ## - PUBLICACIÓN, DISTRIBUCIÓN, ETC. (PIE DE IMPRENTA)
Nombre del editor distribuidor etc. BIBLIOTECA NUEVA
Fecha de publicación distribución etc. 2000
630 ## - PUNTO DE ACCESO ADICIONAL DE MATERIA--TÍTULO UNIFORME
Título uniforme HISTORIA ANTIGUA
650 ## - PUNTO DE ACCESO ADICIONAL DE MATERIA--TÉRMINO DE MATERIA
Término de materia o nombre geográfico como elemento inicial EGIPTOLOGIA
942 ## - ELEMENTOS DE PUNTO DE ACCESO ADICIONAL (KOHA)
Tipo de ítem Koha Monografías
901 ## - ELEMENTOS DE DATOS A LOCAL LDA (RLIN)
a FH
b FH
y BK
p SEH_26482
i 22457
j 932
c HISTORIA
t 1
z 21.5, 302, 15´03 E., MADRID
x 1
Holdings
Estado de retiro Estado de pérdida Estado dañado No para préstamo Localización permanente Ubicación/localización actual Ubicación en estantería Fecha de adquisición Número de inventario Número de control en estantería Número de registro Total de préstamos Código de barras Fecha visto por última vez Número de copia Precio válido a partir de Tipo de ítem Koha Nota pública
        Servicio de Estudios Históricos Servicio de Estudios Históricos   14/04/2026 22457 127 22457   SEH_26482 14/04/2026 1 14/04/2026 Monografías 21.5, 302, 15´03 E., MADRID